NURSING RESEARCH & STATISTICS (Record no. 2099)

MARC details
000 -LEADER
fixed length control field 00293nam a2200133Ia 4500
082 ## - DEWEY DECIMAL CLASSIFICATION NUMBER
Classification number 610.72
Item number N12S
100 ## - MAIN ENTRY--PERSONAL NAME
Personal name SHARMA , SURESH K.
245 ## - TITLE STATEMENT
Title NURSING RESEARCH & STATISTICS
250 ## - EDITION STATEMENT
Edition statement 1ST
260 ## - PUBLICATION, DISTRIBUTION, ETC. (IMPRINT)
Name of publisher, distributor, etc ELSEVIER
Place of publication, distribution, etc INDIA
Year of Publication 2012
300 ## - PAGE DESCRIPTION
No. of Pages 420
650 ## - SUBJECT ADDED ENTRY--TOPICAL TERM
Topical term or geographic name as entry element NURSING
942 ## - ADDED ENTRY ELEMENTS (KOHA)
Source of classification or shelving scheme Dewey Decimal Classification
Koha item type Books
942 ## - ADDED ENTRY ELEMENTS (KOHA)
-- 12
Holdings
Withdrawn status Lost status Source of classification or shelving scheme Damaged status Not for loan Collection code Home library Current library Shelving location Date acquired Vendor Name Cost, normal purchase price SGTU Bill Number Total Checkouts Total Renewals Full call number Accession No. (Barcode) Date last seen Date last borrowed Bill Date Koha item type
    Dewey Decimal Classification     NURSING SGT Medical Library SGT Medical Library Text Book 28/01/2013 NBM DELHI 350.00 SGTU 1345 96 1 610.72 N12S FN881 01/08/2025 24/07/2025 28/01/2013 Books
    Dewey Decimal Classification     NURSING SGT Medical Library SGT Medical Library Text Book 28/01/2013 NBM DELHI 350.00 SGTU 1345 5   610.72 N12S FN882 01/12/2016 22/11/2016 28/01/2013 Books
    Dewey Decimal Classification     NURSING SGT Medical Library SGT Medical Library Text Book 28/01/2013 NBM DELHI 350.00 SGTU 1345 74   610.72 N12S FN883 15/05/2026 15/05/2026 28/01/2013 Books